The Game Of Primal Forces/ (Record no. 204396)

MARC details
000 -LEADER
fixed length control field 00547nam a22001697a 4500
005 - DATE AND TIME OF LATEST TRANSACTION
control field 20240724151059.0
008 - FIXED-LENGTH DATA ELEMENTS--GENERAL INFORMATION
fixed length control field 090826t xxu||||| |||| 00| 0 eng d
010 ## - LCCN (DPL NO)
LC control number ENG-140951
020 ## - INTERNATIONAL STANDARD BOOK NUMBER
International Standard Book Number 9788171772513
Terms of availability 1080.00
035 ## - SYSTEM CONTROL NUMBER
System control number EN-124483
037 ## - SOURCE OF ACQUISITION
Source of stock number/acquisition DBAD/PUB
100 ## - MAIN ENTRY--PERSONAL NAME
Personal name Mallick. M.R
9 (RLIN) 63720
245 ## - TITLE STATEMENT
Title The Game Of Primal Forces/
Statement of responsibility, etc By Amandeep Singh
260 ## - PUBLICATION, DISTRIBUTION, ETC. (IMPRINT)
Name of publisher, distributor, etc Blue Rose Publishers
Date of publication, distribution, etc 2019
300 ## - PHYSICAL DESCRIPTION
Extent 155pg;
Dimensions 20m(pbk)
942 ## - ADDED ENTRY ELEMENTS (KOHA)
Source of classification or shelving scheme Dewey Decimal Classification
Item type English Books
Classification part 181.4
Call number suffix Aman

No items available.


© Delhi Public Library
Hit Counter
free hit counter